|
|
|
|
| LEADER |
00719nam a2200277 4500 |
| 001 |
DLU100113545 |
| 005 |
##20101125 |
| 040 |
# |
# |
|a DLU
|b vie
|
| 041 |
# |
# |
|a eng
|
| 044 |
# |
# |
|a us
|
| 082 |
# |
# |
|a 629.4
|b Spe
|
| 245 |
# |
# |
|a Speaking of space ;
|b the best from Space digest /
|c Edited by Richard M. Skinner and William Leavitt.
|
| 260 |
# |
# |
|a Boston :
|b little, Brown and Company,
|c 1962.
|
| 300 |
# |
# |
|a vii, 278 p. ;
|c 22 cm.
|
| 700 |
# |
# |
|a Leavitt, William ,
|e ed.
|
| 700 |
# |
# |
|a Skinner, Richard M. ,
|e ed.
|
| 923 |
# |
# |
|a 100/2010
|
| 992 |
# |
# |
|a 0
|
| 994 |
# |
# |
|a DLU
|
| 900 |
# |
# |
|a True
|
| 911 |
# |
# |
|a Lý Thị Hồng Hạnh
|
| 925 |
# |
# |
|a G
|
| 926 |
# |
# |
|a A
|
| 927 |
# |
# |
|a SH
|
| 980 |
# |
# |
|a Thư viện Trường Đại học Đà Lạt
|